Religion catholique : saint Nicolas de Myre - Statistiques

Statistiques générales
  • Ce quiz a été pris 26 fois
  • Le résultat moyen est 15 sur 22
Statistiques - réponses
Questions Réponses % Correct
Pays actuel où se trouve la ville de Myre dont saint Nicolas fut l'évêque. La Turquie
91%
Date à laquelle est célébré saint Nicolas. Le 6 décembre
86%
Ville de Provence, ancienne cité des Papes où est conservé le tableau "Saint Nicolas aux trois boules d'or" de Carlo Crivelli (Musée du Petit Palais). Avignon
82%
Compagnon de saint Nicolas dans le folklore local belge ou français qui punit les élèves désobéissants. Le Père Fouettard
82%
Personnage fictif né d'une construction syncrétique dans les milieux protestants (américains notamment) à partir de la figure de saint Nicolas tel qu'il était fêté dans les milieux catholiques d'Europe du Nord (les anciens Pays-Bas notamment). Le Père Noël
82%
Êtres dont Saint Nicolas est le patron. Les écoliers
82%
Animal associé à saint Nicolas, pour qui, selon la tradition, doit être préparé de la nourriture (carotte, bol d'eau ou de lait, blé, par exemple). Un âne
82%
Régions françaises d'avant 2006 où est célébrée la saint Nicolas. La Lorraine
77%
Régions françaises d'avant 2006 où est célébrée la saint Nicolas. L'Alsace
77%
Régions françaises d'avant 2006 où est célébrée la saint Nicolas. Le Nord-Pas-de-Calais
77%
Siècle au cours duquel ce concile eut lieu. Le IVe siècle
68%
Ville du sud de l'Italie sur l'Adriatique où l'on trouve les relique de saint Nicolas. Bari
64%
Régions françaises d'avant 2006 où est célébrée la saint Nicolas. La Champagne-Ardennes
59%
Biscuit traditionnel belge à la cassonade associé à la fête de saint Nicolas en Belgique. Il prend alors la forme du grand saint. Le speculoos
59%
Hérétique dont la doctrine qui veut que le Christ ne soit pas Dieu comme Son Père, est condamnée par ce concile. Saint Nicolas aurait giflé cet hérétique. Arius
55%
Concile auquel participa saint Nicolas de Myre. Le Concile de Nicée
55%
Ville de l'une des régions précédentes (dont saint Nicolas est le saint patron) où les festivités s’étendent sur cinq semaines, avec un grand marché, des illuminations et un grand défilé avec cortège de chars. Nancy
55%
Église parisienne dédiée à Saint Nicolas, église qui dépend de la Fraternité sacerdotale saint Pie X depuis 1977. L'église Saint-Nicolas-du-Chardonnet
50%
Saint milanais connu pour sa rencontre avec saint Augustin d'Hippone. Il rapporte que saint Nicolas distribuait la richesse dont il a hérité parmi les pauvres. Saint Ambroise
50%
Région de l'Empire romain de l'époque de saint Nicolas où se trouvait Myre et qui correspond à une large partie du pays actuel cité à la réponse précédente. L'Anatolie
45%
Régions françaises d'avant 2006 où est célébrée la saint Nicolas. La Franche-Comté
41%
Terme anglais utilisé par des militants antiracistes néerlandais "anti-______" qui manifestaient contre le fait que le précédent en Hollande soit traditionnellement grimé de noir et affublé d’une coiffure afro, une culture, selon eux, raciste. Blackface
36%
Aucun quiz correspondant
Distribution des résultats
% des personnes avec chaque résultat
Percentile par nombre de réponses
Votre historique - résultats
Vous n’avez pas pris ce quiz